ბათუმის შოთა რუსთაველის სახელმწიფო უნივერსიტეტის ბიბლიოთეკა

საეკლესიო სამართალი / (ბიბ.ჩანაწერი № 63419)

000 -ლიდერი
ფიქსირებული სიგრძის საკონტროლო ველი 02190nam a22002777a 4500
003 - საკონტროლო ნომრის იდენტიფიკატორი
საკონტროლო ველი Ge_BSU
005 - ბოლო ოპერაციის თარიღი და დრო
საკონტროლო ველი 20251006205651.0
008 - ფიქსირებული სიგრძის მონაცემთა ელემენტები - ზოგადი ინფორმაცია
ფიქსირებული სიგრძის საკონტროლო ველი 251006s2025 ge ||||| |||| 00| 0 geo d
020 ## - წიგნის საერთაშორისო სტანდარტული ნომერი
International Standard Book Number 9789941876745
041 ## - ენის კოდი
Language code of text/sound track or separate title geo
080 ## - უნივერსალური ათობითი კლასიფიკაციის ინდექსი
Universal Decimal Classification number 348 პ-18
100 ## - მთავარი ჩანაწერი - პიროვნების სახელი
Personal name პაპაგეორგიუ, კონსტანტინე გ.
9 (RLIN) 25937
245 ## - ცნობა სათაურის შესახებ
Title საეკლესიო სამართალი /
Statement of responsibility, etc კონსტანტინე გ. პაპაგეორგიუ; თარგმნა ნიკოლოზ გურგენიძემ; რედაქტორი ნინო დიდბერუაშვილი; სარედაქციო კოლეგია: დეკანოზი ლონგინოზ სუარიშვილი, ეკა ჭყოიძე, ნინო საძაგლიშვილი.
250 ## - გამოცემის ცნობა
Edition statement პირველი გამოცემა
264 ## - წარმოების, გამოცემის, დისტრიბუციის და სხვა ცნობები
გამოცემის, წარმოების, დისტრიბუციის... ადგილი თბილისი :
გამოცემის, წარმოების, დისტრიბუციის... სახელწოდება ღვთისმეტყველი,
გამოცემის, წარმოების, დისტრიბუციის... თარიღი 2025.
300 ## - ფიზიკური აღწერა
Extent 404 გვ. ;
Other physical details 23 სმ.
500 ## - ზოგადი შენიშვნა
General note თავფურცლის მე-3 გვერდი ინგლისურ ენაზე.
501 ## - შენიშვნა თანმხლებ მასალაზე
With note გამოცემა დაფინანსებულია ა(ა)იპ საქართველოს საპატრიარქოს წმ. გიორგი მთაწმინდელის სახ. სამეცნიერო ცენტრის მიერ.
504 ## - BIBLIOGRAPHY, ETC. NOTE
Bibliography, etc ბიბლიოგრაფია: გვ. 383-400.
700 ## - ADDED ENTRY--PERSONAL NAME
Personal name გურგენიძე, ნიკოლოზ
Relator term მთარგმნელი, წინასიტყვაობის ავტორი
9 (RLIN) 25938
700 ## - ADDED ENTRY--PERSONAL NAME
Personal name დიდბერუაშვილი, ნინო
Relator term რედაქტორი
9 (RLIN) 25939
700 ## - ADDED ENTRY--PERSONAL NAME
Personal name ლონგინოზი (სუარიშვილი), დეკანოზი
Relator term რედაქტორი
9 (RLIN) 25940
700 ## - ADDED ENTRY--PERSONAL NAME
Personal name ჭყოიძე, ეკა
Relator term რედაქტორი
9 (RLIN) 13968
700 ## - ADDED ENTRY--PERSONAL NAME
Personal name საძაგლიშვილი, ნინო
Relator term რედაქტორი
9 (RLIN) 25941
942 ## - ADDED ENTRY ELEMENTS (KOHA)
Source of classification or shelving scheme
Koha item type წიგნი
ეგზემპლარები
ჩამოწერის სტატუსი დაკარგული ეგზემპლარის სტატუსი კლასიფიკაციის წყარო ან თაროზე გაწყობის სქემა დაზიანების სტატუსი არ გაიცემა მუდმივი მდებარეობა (დაცვის ადგილი) ამჟამინდელი ადგილსამყოფელი თაროზე განთავსების ადგილი შეძენის თარიღი ღირებულება, შესყიდვის ნორმალური ფასი სრული შენახვის შიფრი შტრიხკოდი ბოლო ოპერაციის თარიღი ეგზემპლარის მიმდევრობითი ნომერი (კეტერი?) Uniform Resource Identifier ფასის ძალაში შესვლის თარიღი ეგზემპლარის სახეობა საჯარო შენიშვნა
          ბათუმის შოთა რუსთაველის სახელმწიფო უნივერსიტეტის მთავარი ბიბლიოთეკა ბათუმის შოთა რუსთაველის სახელმწიფო უნივერსიტეტის მთავარი ბიბლიოთეკა წიგნსაცავი 2025-10-06 10.00 348 პ-18 72590 2025-10-06 72590 ნაჩუქარი 2025-10-06 წიგნი 10 ლ.
          ბათუმის შოთა რუსთაველის სახელმწიფო უნივერსიტეტის მთავარი ბიბლიოთეკა ბათუმის შოთა რუსთაველის სახელმწიფო უნივერსიტეტის მთავარი ბიბლიოთეკა წიგნსაცავი 2025-10-06 10.00 348 პ-18 72589 2025-10-06 72589 ნაჩუქარი 2025-10-06 წიგნი 10 ლ.